<?xml version="1.0" encoding="UTF-8"?><?xml-stylesheet type="text/xsl" href="static/style.xsl"?><OAI-PMH xmlns="http://www.openarchives.org/OAI/2.0/" xmlns:xsi="http://www.w3.org/2001/XMLSchema-instance" xsi:schemaLocation="http://www.openarchives.org/OAI/2.0/ http://www.openarchives.org/OAI/2.0/OAI-PMH.xsd"><responseDate>2026-04-17T14:11:07Z</responseDate><request verb="GetRecord" identifier="oai:www.recercat.cat:2445/172278" metadataPrefix="marc">https://recercat.cat/oai/request</request><GetRecord><record><header><identifier>oai:recercat.cat:2445/172278</identifier><datestamp>2025-12-05T09:21:43Z</datestamp><setSpec>com_2072_1057</setSpec><setSpec>col_2072_478799</setSpec><setSpec>col_2072_478917</setSpec></header><metadata><record xmlns="http://www.loc.gov/MARC21/slim" xmlns:dcterms="http://purl.org/dc/terms/" xmlns:xsi="http://www.w3.org/2001/XMLSchema-instance" xmlns:doc="http://www.lyncode.com/xoai" xsi:schemaLocation="http://www.loc.gov/MARC21/slim http://www.loc.gov/standards/marcxml/schema/MARC21slim.xsd">
   <leader>00925njm 22002777a 4500</leader>
   <datafield ind2=" " ind1=" " tag="042">
      <subfield code="a">dc</subfield>
   </datafield>
   <datafield ind2=" " ind1=" " tag="720">
      <subfield code="a">Carreras Barnés, Josep, 1943-2014</subfield>
      <subfield code="e">author</subfield>
   </datafield>
   <datafield ind2=" " ind1=" " tag="260">
      <subfield code="c">2020-11-25T10:57:04Z</subfield>
   </datafield>
   <datafield ind2=" " ind1=" " tag="260">
      <subfield code="c">2020-11-25T10:57:04Z</subfield>
   </datafield>
   <datafield ind2=" " ind1=" " tag="260">
      <subfield code="c">2010</subfield>
   </datafield>
   <datafield ind2=" " ind1=" " tag="520">
      <subfield code="a">La Ley Orgánica de Modificación de la Ley Orgánica de Universidades (LOMLOU), promulgada el año 2007, incluyó disposiciones referentes al profesorado contratado doctor (PCD) que supusieron la consolidación de&#xd;
la vía laboral como alternativa a la vía funcionarial en la carrera universitaria. La Ley estableció que la contratación de los PCD sería de carácter indefinido y con dedicación a tiempo completo, determinó que dichos profesores tenían plena capacidad docente e investigadora, reconoció su condición de elegibles para los órganos unipersonales de gobierno (salvo para el cargo de rector), les atribuyó voto ponderado en la constitución del claustro universitario y en la elección de rector y, mediante modificación de la Ley General de Sanidad, determinó que podría establecerse vinculación de plazas asistenciales con plazas de PCD. Por lo que respecta a los requisitos para acceder a una plaza de PCD, la LOMLOU suprimió la necesidad de acreditar tres años de actividad docente e investigadora, establecida por la LOU, pero mantuvo como requisito una evaluación positiva por parte de un órgano externo (acreditación). En este artículo se analizan comparativamente los procesos de acreditación desarrollados por la Agencia Nacional de Evaluación de la Calidad y Acreditación (ANECA) y por los órganos de evaluación establecidos por las diversas comunidades&#xd;
autónomas, así como los concursos de acceso a las plazas convocadas por las universidades. Además, se&#xd;
describen las características de las diversas figuras de PCD establecidas por las comunidades autónomas.</subfield>
   </datafield>
   <datafield tag="653" ind2=" " ind1=" ">
      <subfield code="a">Legislació educativa</subfield>
   </datafield>
   <datafield tag="653" ind2=" " ind1=" ">
      <subfield code="a">Professors universitaris</subfield>
   </datafield>
   <datafield tag="653" ind2=" " ind1=" ">
      <subfield code="a">Selecció de personal</subfield>
   </datafield>
   <datafield tag="653" ind2=" " ind1=" ">
      <subfield code="a">Educational law and legislation</subfield>
   </datafield>
   <datafield tag="653" ind2=" " ind1=" ">
      <subfield code="a">College teachers</subfield>
   </datafield>
   <datafield tag="653" ind2=" " ind1=" ">
      <subfield code="a">Employee selection</subfield>
   </datafield>
   <datafield ind2="0" ind1="0" tag="245">
      <subfield code="a">Evaluación de la calidad docente y promoción del profesorado (VII). Legislación universitaria española (e): modificación de la Ley Orgánica de Universidades. Profesorado contratado permanente (2004-2008)</subfield>
   </datafield>
</record></metadata></record></GetRecord></OAI-PMH>